000 01558nkc a2200289za 4500
001 84541
003 OSt
005 20260423155528.0
007 kh boc
008 250410s1909 sp ||||| ||||||0| i|spa d
040 _cM-RABA
_aM-RABA
_bspa
245 0 3 _aLa Batalla del Salado
_h[Material gráfico]
_c/ Felipe de Castro
260 _b[Hauser y Menet]
_c, [ca. 1909]
300 _a1 fotografía
_b: gelatina de plata
_c; imagen 20 x 12 cm
_e; soporte secundario 30 x 24 cm
500 _aFotografía del relieve "Batalla del Salado" de Felipe de Castro. Se conserva en el Museo de la Real Academia de Bellas Artes de San Fernando con nº de inventario E-308.
500 _aMontada sobre un soporte secundario de cartón, con texto manuscrito a lápiz en la parte inferior al recto: "La batalla del Salado por Felipe de Castro, 1757". Nota manuscrita al verso a lápiz rojo: "Felipe de Castro / 1766".
500 _aFecha probable de la realización de la fotografía realizada por Hauser y Menet.
544 _aArchivo de la Real Academia de Bellas Artes de San Fernando (Le-4-29-1)
600 1 7 _aCastro, Felipe de (
_d1711-1775)
_9379
610 2 4 _aReal Academia de Bellas Artes de San Fernando.
_975832
651 7 _aMadrid
_2embne
_975182
655 7 _aFotografías de obras de arte
_975675
710 2 _aHauser y Menet (Madrid)
_950978
852 _jFot-598
856 _3Fot-598
_uhttps://archivoybiblioteca.realacademiabellasartessanfernando.com/cgi-bin/koha/opac-retrieve-file.pl?id=9edd6d40076b465616c408021bdd7101
942 _2ddc
_cFOTOGRAFÍA
_n0
999 _c84541
_d84541